Antología /
Guardado en:
| Autor principal: | |
|---|---|
| Otros Autores: | |
| Formato: | Texto |
| Publicado: |
México D.F.:
Siglo XXI
|
| Edición: | 5 |
| Etiquetas: |
Agregar Etiqueta
Sin Etiquetas, Sea el primero en etiquetar este registro!
|
MARC
| LEADER | 00000 a a2200000 04500 | ||
|---|---|---|---|
| 001 | 22518 | ||
| 003 | |||
| 040 | |||
| 020 | |a 968-23-0257-9 | ||
| 090 | |a 153300 | ||
| 100 | |a Gramsci, Antonio | ||
| 245 | |a Antología / |c Antonio Gramsci | ||
| 250 | |a 5 | ||
| 260 | |a México D.F.: |b Siglo XXI | ||
| 700 | |a Sacristán, Manuel |a trad | ||
| 999 | |c 12251 |d 12251 | ||



